| 000 | 00000nas 2200000za 4500 |
| 001 | 9.506284 |
| 003 | CaOODSP |
| 005 | 20221107133617 |
| 007 | cr ||||||||||| |
| 008 | 150406d20062014oncar p o f0 a0eng|d |
| 022 | |a1926-1756 |
| 040 | |aCaOODSP|beng |
| 043 | |an-cn-on |
| 086 | 1 |aCC506E-PDF |
| 110 | 1 |aCanada.|bBlue Water Bridge Canada. |
| 245 | 10|aAnnual report |h[electronic resource]. |
| 260 | |a[Point Edward, ON] : |bBlue Water Bridge Canada. |
| 310 | |aAnnual |
| 362 | 1 |aBegan with 2006; ceased with 2013/2014. |
| 500 | |aIssued also in French under title: Rapport annuel. |
| 520 | 3 |aDetails the activities for the fiscal year. Includes financial statements. |
| 580 | |aAbsorbed by : Annual report (Federal Bridge Corporation Limited). |
| 775 | 08|tRapport annuel |w(CaOODSP)9.502680 |
| 776 | 0#|tAnnual report.|w(CaOODSP)9.512202 |
| 785 | 00|tAnnual report |w(CaOODSP)9.506550 |